Best ranked 3x3 Rubik's cube solves - Statistics

General Stats
  • This quiz has been taken 17 times
  • The average score is 8 of 30
Answer Stats
Hint Answer % Correct
4.09s Max Park
87%
3.47s Yusheng Du
87%
4.16s Feliks Zemdegs
67%
4.11s Tymon Kolasínski
60%
4.74s Mats Valk
47%
3.89s Asher Kim-Magierek
40%
4.06s Ruihang Xu
40%
4.77s Luke Garrett
33%
4.34s Matty Hiroto Inaba
33%
4.24s Patrick Ponce
33%
4.72s Zibo Xu
33%
4.76s Drew Brads
27%
4.44s Juliette Sébastien
27%
4.81s Philipp Weyer
27%
4.32s Sebastian Weyer
27%
4.59s SeungBeom Cho
27%
4.76s Bill Wang
20%
4.22s Max Siauw
20%
4.76s Aaron Huynh
13%
4.75s Christopher Yen
13%
4.77s Cornelius Dieckmann
13%
4.59s Jakub Kipa
13%
4.42s Lukas Shelley
13%
4.80s Amos Nordman
7%
4.53s Kim Roger Høyland Larsen
7%
4.84s Myagmardorj Ulziijargal
7%
4.65s Robert Yomi Cadenas Nuñez
7%
4.80s Sei Sugama
7%
4.64s Tanzer Balimtas
7%
4.38s Nicholás Sánchez
0%
No matching quizzes found
Score Distribution
Percent of People with Each Score
Percentile by Number Answered
Your Score History
You have not taken this quiz